|
|
|
|
| LEADER |
01526nam a2200433 a 4500 |
| 001 |
nkc20102111270 |
| 003 |
CZ PrNK |
| 005 |
20121206072336.0 |
| 007 |
ta |
| 008 |
100817s2010 xr a e f 001 0 cze |
| 015 |
|
|
|a cnb002111270
|
| 020 |
|
|
|a 978-80-7367-753-4
|q (brož.)
|
| 035 |
|
|
|a (OCoLC)697262276
|
| 040 |
|
|
|a ABA001
|b cze
|d OLA001
|d BOA001
|
| 041 |
1 |
|
|a cze
|h eng
|
| 072 |
|
7 |
|a 311
|x Statistika
|2 Konspekt
|9 4
|
| 080 |
|
|
|a 311
|2 MRF
|
| 080 |
|
|
|a (0.062)
|2 MRF
|
| 100 |
1 |
|
|a Magnello, Eileen
|7 xx0124483
|4 aut
|
| 245 |
1 |
0 |
|a Statistika /
|c Eileen Magnello ; [ilustrace] Borin Van Loon ; [z anglického originálu ... přeložil Jiří Foltýn]
|
| 250 |
|
|
|a Vyd. 1.
|
| 260 |
|
|
|a Praha :
|b Portál,
|c 2010
|
| 300 |
|
|
|a 190 s. :
|b il. ;
|c 21 cm
|
| 490 |
1 |
|
|a Seznamte se--
|
| 500 |
|
|
|a Anglicko-český terminologický slovník
|
| 504 |
|
|
|a Obsahuje bibliografie a rejstřík
|
| 650 |
0 |
7 |
|a statistika
|7 ph116273
|2 czenas
|
| 650 |
0 |
9 |
|a statistics
|2 eczenas
|
| 655 |
|
7 |
|a populárně-naučné publikace
|7 fd131864
|2 czenas
|
| 655 |
|
9 |
|a popular works
|2 eczenas
|
| 700 |
1 |
|
|a Van Loon, Borin,
|d 1951-
|7 xx0001108
|4 ill
|
| 765 |
0 |
|
|t Introducing statistics
|9 Česky
|
| 830 |
|
0 |
|a Seznamte se--
|0 s
|
| 910 |
2 |
|
|a BOA001
|b 2-1251.356
|
| 990 |
|
|
|a BK
|
| 995 |
|
|
|a 01
|
| 991 |
|
|
|b 201011
|c NOV
|j 311 MAG
|e n
|
| 996 |
6 |
|
|b 2610449823
|c 2-1251.356
|l MZK
|r STM 6p
|n 0
|p p.v.
|h 519 MAG
|w 001150708
|u 000010
|a 0
|e BOA001
|j MZK50
|s P
|
| 996 |
6 |
|
|b 2610533261
|c 2-1251.356
|l MZK
|r Sklad / do 1 hodiny
|n 6
|p kup
|w 001150708
|u 000020
|a 1
|e BOA001
|j MZK50
|s P
|